| 000 | 00911nam a22001817a 4500 | ||
|---|---|---|---|
| 999 |
_c62794 _d62794 |
||
| 003 | Ge_BSU | ||
| 005 | 20250217125553.0 | ||
| 008 | 250217s1940 ge ||||| |||| 00| 0 geo d | ||
| 041 | _ageo | ||
| 080 | _a612.73/74 ბ-52 | ||
| 100 |
_aბერიტაშვილი, ივანე _924380 |
||
| 245 |
_aკუნთოვანი და ნერვული სისტემის ზოგადი ფიზიოლოგია / _c ი. ბერიტაშვილი. |
||
| 264 |
_aთბილისი : _b სტალინის სახელობის სახ. უნ-ტის გამ-ბა, _c1940. |
||
| 300 |
_a320 გვ. : _b ილ. ; _c25 სმ. |
||
| 653 | _aკუნთოვანი სისტემის ფიზიოლოგია | ||
| 653 | _aნერვული სისტემის ფიზიოლოგია | ||
| 942 |
_2udc _cᲬᲘᲒᲜᲘ |
||